000 00270nam a22001217a 4500
008 180315b xxu||||| |||| 00| 0 eng d
041 _aeng
080 _a701
100 _a45
101 _aART
245 _aErich fromm the Art of Loving
_cAnshen, R.N
942 _2udc
_cBK
999 _c45081
_d45081